01307nam a22004577a 450000500170000000800410001702000180005804100080007608200160008410000360010024500740013626000130021026000220022326000090024530000180025449000480027265000200032065000150034065000170035565000300037265000140040265000150041665000270043165000140045865000290047265000160050165000190051765000210053665000280055765000130058565000320059865000230063065000390065365000250069265000140071765000150073165000320074665000220077865000230080065000260082320250818145751.0230223b2022 |||||||| |||| 00| 0 spa d a9789587923247 aESP a338.5 R397m aRendón Vélez, Jorge Alberto aMicroeconomía: fundamentos teóricos, matemáticos y aplicaciones aColombia bEdiciones de la U c2022 a364 páginas aDirección y Administración de Empresas  aMICROECONOMÍA aECONOMÍA aMATEMÁTICA aCOMPORTAMIENTO DE MERCADO aFUNCIONES aECUACIONES aTEORÍAS ECONÓMICAS aDERIVADAS aTEOREMA DE LA ENVOLVENTE aELASTICIDAD aCURVA DE ENGEL aTEOREMA DE EULER aTEORÍA DEL CONSUMIDOR aUTILIDAD aTEORÍA DE LA PRODUCCIÓN aTEORÍA DEL COSTO aSENDERO DE EXPANSIÓN DE LA FIRMA aCOMPETENCIA PERFECTA aMONOPOLIO aOLIGOPOLIO aCOMPETENCIA MONOPOLÍSTICA aMODELO DE COURNOT aMODELO DE BERTRAND aMODELO DE STACKELBERG